JCT: intermediate named sub-contract tender & agreement 2016 (Record no. 121430)

MARC details
000 -LEADER
fixed length control field 01282aam a2200337 i 4500
001 - CONTROL NUMBER
control field 121430
005 - DATE AND TIME OF LATEST TRANSACTION
control field 20230404110532.0
008 - FIXED-LENGTH DATA ELEMENTS--GENERAL INFORMATION
fixed length control field 230404s2016 enkk 000 0 eng c
020 ## - INTERNATIONAL STANDARD BOOK NUMBER
ISBN 9780414054820
Qualifying information paperback
041 ## - LANGUAGE CODE
Language code of text/sound track or separate title eng
082 04 - DEWEY DECIMAL CLASSIFICATION NUMBER
Classification number 343.41078624
245 00 - TITLE STATEMENT
Title JCT: intermediate named sub-contract tender & agreement 2016
Subtitle ICSub/NAM 2016
246 30 - VARIANT TITLE
Title Intermediate named sub contract tender & agreement 2016
250 ## - EDITION
Edition statement JCT Contracts 2016
264 #1 - PRODUCTION, PUBLICATION, DISTRIBUTION, MANUFACTURE, AND COPYRIGHT NOTICE
Place of production, publication, distribution, manufacture London :
Name of producer, publisher, distributor, manufacturer Thomson Reuters (Professional) trading as Sweet & Maxwell,
Date of production, publication, distribution, manufacture, or copyright notice 2016.
300 ## - PHYSICAL DESCRIPTION
Physical description ii, 30 pages :
Other physical details forms ;
Dimensions 30 cm.
490 1# - SERIES TITLE
Series statement JCT Contracts 2016
500 ## - GENERAL NOTE
General note At head of title: JCT.
500 ## - GENERAL NOTE
General note "This document comprises: Invitation to tender ICSub/NAM/IT, Tender ICSub/NAM/T, Agreement ICSub/NAM/A."--cover.
610 20 - SUBJECT ADDED ENTRY--CORPORATE NAME
Corporate name or jurisdiction name as entry element Joint Contracts Tribunal.
650 #0 - KEYWORDS
Keywords Construction contracts
Geographic subdivision Great Britain.
650 #0 - KEYWORDS
Keywords Buildings
General subdivision Contracts and specifications
Geographic subdivision Great Britain.
651 ## - SUBJECT ADDED ENTRY--GEOGRAPHIC NAME
Geographic name United Kingdom
710 2# - ADDED CORPORATE NAME
Added corporate author Joint Contracts Tribunal,
Relator term issuing body.
830 #0 - SERIES ADDED ENTRY--UNIFORM TITLE
Uniform title Intermediate building contract.
Date of a work 2016.
942 ## - ADDED ENTRY ELEMENTS (KOHA)
Suppress in OPAC Do not suppress in OPAC
336 ## - CONTENT TYPE
Content type term text
Content type code txt
Source rdacontent
337 ## - MEDIA TYPE
Media type term unmediated
Media type code n
Source rdamedia
338 ## - CARRIER TYPE
Carrier type term volume
Carrier type code nc
Source rdacarrier
Holdings
Lost status Damaged status Not for loan Home library Current library Shelving location Date acquired Total Checkouts Full call number Date last seen Price effective from Koha item type
      London London Boxed set 04/04/2023   JCT CONTRACTS 04/04/2023 04/04/2023 Book